Truyện ngắn Việt Nam chọn lọc. Tập 1

Guardat en:
Dades bibliogràfiques
Format: Llibre
Idioma:Vietnamese
Publicat: Hà Nội 1997
Matèries:
Etiquetes: Afegir etiqueta
Sense etiquetes, Sigues el primer a etiquetar aquest registre!
Thư viện lưu trữ: Mạng thư viện Đại học Đà Nẵng
LEADER 01005nam a2200301 a 4500
001 000003757
003 04244
005 20171229145311.0
008 171229s1997 vie
040 |a LSK 
041 0 |a VIE 
082 0 |a 895.9223  |b TR-T 
245 0 0 |a Truyện ngắn Việt Nam chọn lọc. Tập 1  |c Trần Mạnh Thường, Xuân Tùng biên soạn 
260 |b Hà Nội  |c 1997 
300 |a 471 pages  |c 19 cm. 
653 |a Văn học - Việt Nam - Truyện ngắn 
852 |a Phòng Đọc 
901 |a 1 
927 |a Sách tham khảo 
OWN |a LSK 
AVA |a UDN50  |b LSK  |d 895.9223 TR-T  |e available  |t Error 5001 Not defined in file expand_doc_bib_avail.  |f 1  |g 0  |h N  |i 0  |k 1 
999 |a From the UDN01 
AVA |a UDN50  |b LSK  |d 895.9223 TR-T  |e available  |t Error 5001 Not defined in file expand_doc_bib_avail.  |f 1  |g 0  |h N  |i 0  |k 1 
TYP |a Monograph 
TYP |a Printed language 
980 |a Mạng thư viện Đại học Đà Nẵng